Gabriela Katseye-Lyrics (Only SPANISH lyrics) - Statistics

General Stats
  • This quiz has been taken 43 times
  • The average score is 58 of 82
Answer Stats
Lyrics % Correct
Él
97%
Él
97%
va,
94%
va
94%
va,
94%
va
94%
no
91%
no
91%
(No,
91%
no,
91%
no,
91%
no,
91%
no,
91%
no,
91%
no,
91%
no,
91%
no)
91%
no
91%
(No,
91%
no,
91%
no,
91%
no,
91%
no,
91%
no,
91%
no,
91%
no)
91%
se
91%
conmigo,
84%
conmigo
84%
conmigo,
84%
conmigo
84%
sus
84%
sus
84%
cambiar,
81%
cambiar,
81%
ojos
81%
ojos
81%
llegó
78%
Llegó
78%
mi,
78%
mi
78%
a
69%
a
69%
a
69%
mio’,
69%
mio’,
69%
son
69%
son
69%
eso
66%
eso
66%
importan
66%
importan
66%
me
63%
me
63%
demás
59%
demás
59%
quiere
59%
quiere
59%
las
56%
las
56%
Gabriela,
44%
Gabriela.
44%
Gabriela.
44%
Gabriela.
44%
Gabriela.
44%
Gabriela,
44%
Gabriela.
44%
Gabriela,
44%
Gabriela.
44%
Gabriela.
44%
Gabriela.
44%
Gabriela,
44%
Gabriela.
44%
Gabriela
44%
Gabriela,
44%
Gabriela.
44%
Gabriela.
44%
Gabriela.
44%
Gabriela.
44%
Gabriela,
44%
Gabriela.
44%
Gabriela
44%
No matching quizzes found
Score Distribution
Percent of People with Each Score
Percentile by Number Answered
Your Score History
You have not taken this quiz